000 01722cam a22003737a 4500
003 CHAP
005 20220329135830.0
008 971013s1993 r 00010 d
010 _a42971
011 _a43943
035 _a48081
040 _cCHAP
082 _a312.0972
_bM47 1990 F.N.
110 _aInstituto Nacional de Estadística, Geografía e Informática. México
_959304
245 0 _aCenso general de población y vivienda (11o) 1990 : La Frontera Norte
260 _aAguascalientes, Ags. :
_bINEGI,
_c1993-
300 _av.
_b: gráfs.
500 _aLa biblioteca tiene: v.1 Un panorama de la población y viviendas: resultados definitivos. -- v.2 Resultados definitivos: Tabulados básicos
590 _aBATCH-UPD
_b10
_c20130110
_lUCH01
_h1605
590 _aBATCH-UPD
_b10
_c20130410
_lUCH01
_h1001
590 _aBATCH-UPD
_b10
_c20130914
_lUCH01
_h1822
590 _aCONVERSION
_b10
_c20130109
_lUCH01
_h1324
650 1 4 _aMéxico
_xCensos (1990)
_976661
650 1 4 _aPoblación
_xEstadísticas
_zMéxico.
_989385
650 1 4 _aVivienda
_zMéxico.
_9120153
901 _aBK
942 _cLIBRO
949 _a312.0972 M47 1990 F.N.
_bBC
_cINEGI
_d33724000466678
_eINEGI
_fv.1
_h89162
_i48081
_si
949 _a312.0972 M47 1990 F.N.
_bBC
_cINEGI
_d33724000467676
_eINEGI
_fv.2 Pte.1
_h89163
_i48081
_si
949 _a312.0972 M47 1990 F.N.
_bBC
_cINEGI
_d33724000486486
_eINEGI
_fv.2 Pte.2 c.2
_h89166
_i48081
_si
949 _a312.0972 M47 1990 F.N.
_bBC
_cINEGI
_d33724000535415
_eINEGI
_fv.2 Pte.1 c.2
_h89165
_i48081
_si
949 _a312.0972 M47 1990 F.N.
_bBC
_cINEGI
_d33724000535969
_eINEGI
_fv.2 Pte.2
_h89164
_i48081
_si
949 _a312.0972 M47 1990 F.N.
_bBC
_cINEGI
_d33724000841607
_eINEGI
_fv.1 c.2
_gDonaciØn
_h100581
_i48081
_st
999 _c42971
_d42971